| 000 | 00480nam a22001577a 4500 | ||
|---|---|---|---|
| 008 | 230728b |||||||| |||| 00| 0 eng d | ||
| 040 |
_aNational Science Library _cNational Science Library |
||
| 080 |
_a619 _bK3 |
||
| 245 | _aEmerging diseases of animals | ||
| 260 |
_aRome: _bFood and Agriculture Organization of the United Nations, _c1963 |
||
| 300 | _axiv, 241p. | ||
| 500 | _aFAO agricultural studies no. 61 | ||
| 650 | _aDisease | ||
| 653 | _aAnimals | ||
| 942 |
_2udc _cREF |
||
| 999 |
_c55846 _d55846 |
||